000 00314nam a22001217a 4500
008 230605b xxu||||| |||| 00| 0 eng d
082 _a328.5456
_bMAL
110 _bLok Sabha Secretariant
_d2004
245 _aSir Speaks
_bSelected speeches of Manohar Joshi
260 _aNew delhi
300 _a503p
942 _2ddc
_cBK
999 _c350
_d350